000
00276nam a2200109Ia 4500
001
588681
005
20250717120836.0
008
250717s9999 xx 000 0 und d
245
0
_a
Y-2 FATİH SULTAN MEHMED
_c
ERHAN AFYONCU
260
_b
YEDİTEPE YAYINLARI
_c
2019
300
_b
240
999
_c
588681
_d
588681